On some Algebraic Aspects of Crossing Neutrosophic Subgroups / (Record no. 33567)
[ view plain ]
| 000 -LEADER | |
|---|---|
| fixed length control field | 00731nam a22001937a 4500 |
| 003 - CONTROL NUMBER IDENTIFIER | |
| control field | JO-AjAnu |
| 005 - DATE AND TIME OF LATEST TRANSACTION | |
| control field | 20240708131045.0 |
| 008 - FIXED-LENGTH DATA ELEMENTS--GENERAL INFORMATION | |
| fixed length control field | 240706b jo ||||| |||| 00| 0 ara d |
| 040 ## - CATALOGING SOURCE | |
| Original cataloging agency | JO-AjAnu |
| Transcribing agency | JO-AjAnu |
| 041 ## - LANGUAGE CODE | |
| Language code of text/sound track or separate title | eng |
| 100 #1 - MAIN ENTRY--PERSONAL NAME | |
| Personal name | Alnatour ,Bara’ah Baha’ |
| 9 (RLIN) | 66066 |
| Relator term | prepared |
| 245 0# - TITLE STATEMENT | |
| Title | On some Algebraic Aspects of Crossing Neutrosophic Subgroups / |
| Statement of responsibility, etc. | Preparation Bara’ah Baha’ Alnatour ؛ Supervisor Anas Al-Masarwah |
| 260 ## - PUBLICATION, DISTRIBUTION, ETC. | |
| Date of publication, distribution, etc. | 2024 |
| 300 ## - PHYSICAL DESCRIPTION | |
| Extent | 69 paper |
| 500 ## - GENERAL NOTE | |
| General note | University thesis (Master’s thesis in mathematics), Ajloun National University (Ajloun, Jordan), College of Science, 2024<br/><br/> |
| 650 70 - SUBJECT ADDED ENTRY--TOPICAL TERM | |
| Topical term or geographic name entry element | Algebra |
| 9 (RLIN) | 3744 |
| 700 #1 - ADDED ENTRY--PERSONAL NAME | |
| Personal name | Al Masarwah، Anas |
| 9 (RLIN) | 66064 |
| Relator term | supervisor |
| 942 ## - ADDED ENTRY ELEMENTS (KOHA) | |
| Source of classification or shelving scheme | Library of Congress Classification |
| Koha item type | Thesis |
| Suppress in OPAC | No |
| Withdrawn status | Lost status | Source of classification or shelving scheme | Damaged status | Not for loan | Home library | Current library | Date acquired | Total Checkouts | Full call number | Barcode | Date last seen | Price effective from | Koha item type |
|---|---|---|---|---|---|---|---|---|---|---|---|---|---|
| Library of Congress Classification | مكتبة جامعة عجلون الوطنية | مكتبة جامعة عجلون الوطنية | 06/07/2024 | QA154.2 2024 | E3793 | 06/07/2024 | 06/07/2024 | Thesis | |||||
| Library of Congress Classification | مكتبة جامعة عجلون الوطنية | مكتبة جامعة عجلون الوطنية | 06/07/2024 | QA154.2 2024 | E3794 | 06/07/2024 | 06/07/2024 | Thesis |